000 00450nam a22001817a 4500
005 20180710105727.0
008 160512b xxu||||| |||| 00| 0 eng d
020 _a81-85989-39-7
041 _aeng
082 _b1423
_a658.15
100 _aRustagi, R.P.
_91193
245 _aFundamental of Financial Management
250 _a3rd ed.
260 _aNew Delhi
_bGalgotia Publ. Pvt. Ltd.
300 _a522p,
650 _aManagement
_9241
942 _cBK
999 _c606
_d606